15 biggest cities of Sweden on a map - Statistics

General Stats
  • This quiz has been taken 216 times
  • The average score is 10 of 15
Answers on the Map
Answers color-coded by a green-red scale on the quiz's map according to % correct below.
 
Answer Stats
Population Answer % Correct
974,073 Stockholm
99%
579,281 Gothenburg
97%
344,166 Malmö
96%
230,767 Uppsala
84%
163,051 Linköping
72%
128,901 Umeå
70%
141,081 Jönköping
69%
147,734 Helsingborg
66%
143,171 Norrköping
65%
155,696 Örebro
63%
124,935 Lund
61%
154,049 Västerås
56%
113,179 Borås
46%
106,859 Eskilstuna
44%
112,848 Huddinge
13%
No matching quizzes found
Score Distribution
Percent of People with Each Score
Percentile by Number Answered
Your Score History
You have not taken this quiz